• 首页
  • 本馆介绍
  • 公告通知
  • 最新文献
  • 馆藏检索
  • 电子资源
  • 读者导购
  • 参考咨询
  • 我的图书馆
  • 登录
  • 详细信息显示
  • 放入我的书架
  • 预约/预借图书
  • 作者相关作品
  • 分类相关作品
  • 丛书相关作品
  • 出版社相关作品

书目信息

  • 表格格式
  • 工作单格式
  • 卡片格式
题名:
一口气读懂中华经典语文
    
 
作者: 字墟 编著
分册:   鲜活俗语
出版信息: 北京   东方出版社  2020
页数: 225页
开本: 21cm
丛书名: 一口气读懂中华经典语文
单 册:
中图分类: H136.4-49 , H1-49
科图分类:
主题词: 汉语--俗语--青少年读物 , 汉语
电子资源:
ISBN: 978-7-5207-1439-6
000 00777oam2 2200265 450
001 2374361986
005 20231218204429.88
010    @a978-7-5207-1439-6@dCNY 32.00
100    @a20210302d2020 cd y0chiy50 ea
101 0  @achi
102    @aCN@b110000
105    @ay z 000gy
200 1  @a一口气读懂中华经典语文@AYi Kou Qi Du Dong Zhong Hua Jing Dian Yu Wen@e青少版@i鲜活俗语@f字墟编著
210    @a北京@c东方出版社@d2020
215    @a225页@d21cm
225 2  @a一口气读懂中华经典语文
410  0 @12001 @a一口气读懂中华经典语文
517 1  @a鲜活俗语@AXian Huo Su Yu
606 0  @a汉语@x俗语@j青少年读物
606 0  @a汉语
690    @aH136.4-49@v5
690    @aH1-49@v4
701  0 @a字墟@Azi xu@4编著
801  0 @aCN@b91MARC@c20210317
905    @aBZT@dH1-49@e8:3
    
    一口气读懂中华经典语文:青少版.鲜活俗语/字墟编著.-北京:东方出版社,2020
    225页;21cm.-(一口气读懂中华经典语文)
    
    
    ISBN 978-7-5207-1439-6:CNY 32.00
    
●
相关链接 在五车中查询图书 在当当中查询图书 在豆瓣中查询图书


正题名:一口气读懂中华经典语文     索取号:H1-49/8:3         预约/预借

序号 登录号 条形码 馆藏地/架位号 状态 备注
1 2001651904   2001651904   516书库/ [索取号:H1-49/8:3] 在馆    
2 2001651905   2001651905   516书库/ [索取号:H1-49/8:3] 在馆    
3 2001651906   2001651906   516书库/ [索取号:H1-49/8:3] 在馆    
4 2001651907   2001651907   516书库/ [索取号:H1-49/8:3] 在馆    
5 2001651908   2001651908   516书库/ [索取号:H1-49/8:3] 在馆    
6 2001651909   2001651909   516书库/ [索取号:H1-49/8:3] 在馆    
山东省滨州职业学院图书馆 欢迎您!
大连网信软件有限公司© 版权所有